MARC

Tag First Indicator Second Indicator Subfields
LEADER 00000cam a2200000 i 4500
001 in00004339024
005 20211120105550.0
006 m o d f
007 cr |||||||||||
008 200708s2015 caua jo f000 0 eng c
035 |a (OCoLC)on1163922657 
042 |a pcc 
043 |a n-us--- 
040 |a GPO  |b eng  |e rda  |e pn  |c GPO  |d MvI 
049 |a WWW 
074 |a 0612 (online) 
086 0 |a I 49.2:D 71/2 
245 0 0 |a Don Edwards San Francisco Bay National Wildlife Refuge :  |b Fremont. 
246 1 |i At head of title:  |a Junior refuge ranger 
264 1 |a Fremont, CA :  |b Don Edwards San Francisco Bay National Wildlife Refuge,  |c [2015] 
300 |a 1 online resource (16 unnumbered pages) :  |b illustrations 
336 |a text  |b txt  |2 rdacontent 
337 |a computer  |b c  |2 rdamedia 
338 |a online resource  |b cr  |2 rdacarrier 
588 |a Description based on online resource; title from PDF cover (FWS, viewed June 22, 2020). 
651 0 |a Don Edwards San Francisco Bay National Wildlife Refuge (Calif.)  |v Juvenile literature. 
650 0 |a Habitat (Ecology)  |z California  |z Don Edwards San Francisco Bay National Wildlife Refuge  |v Juvenile literature. 
650 0 |a Animals  |z California  |z Don Edwards San Francisco Bay National Wildlife Refuge  |v Juvenile literature. 
710 2 |a U.S. Fish and Wildlife Service,  |e issuing body. 
856 4 0 |u https://purl.fdlp.gov/GPO/gpo136544  |t 0 
999 f f |s 9720dba7-df04-3a2a-a541-dc3c48c51a1f  |i 27d9a19c-0555-3582-9a8e-ef600fa12a3a  |t 0 
952 f f |a Texas A&M University  |b College Station  |c Electronic Resources  |d Available Online  |t 0  |e I 49.2:D 71/2  |h Superintendent of Documents classification 
998 f f |a I 49.2:D 71/2  |t 0  |l Available Online